Drapeaux Pays Disparus - Statistiques

Statistiques générales
  • Ce quiz a été pris 131 fois
  • Le résultat moyen est 8 sur 16
Statistiques - réponses
Par images Réponse % Correct
URSS
98%
Yougoslavie
86%
Empire du Japon
79%
Troisième Reich/Allemagne Nazie
77%
Autriche-Hongrie
71%
Prusse
59%
Zaïre
54%
Empire Ottoman
53%
Texas
51%
Tibet
51%
Empire Mongol
46%
Vietnam Sud
25%
Grande Colombie
20%
Kampuchéa
17%
Yémen Sud
16%
Empire du Mali
15%
Aucun quiz correspondant
Distribution des résultats
% des personnes avec chaque résultat
Percentile par nombre de réponses
Votre historique - résultats
Vous n’avez pas pris ce quiz